Moabiter sonette. (Record no. 3210)
[ view plain ]
| 000 -LEADER | |
|---|---|
| fixed length control field | 00851cam a22002291 4500 |
| 001 - CONTROL NUMBER | |
| control field | af 47005627 |
| 003 - CONTROL NUMBER IDENTIFIER | |
| control field | DLC |
| 005 - DATE AND TIME OF LATEST TRANSACTION | |
| control field | 20260227110833.0 |
| 008 - FIXED-LENGTH DATA ELEMENTS--GENERAL INFORMATION | |
| fixed length control field | 721227s1946 xx 000 0 ger |
| 010 ## - LIBRARY OF CONGRESS CONTROL NUMBER | |
| LC control number | af 47005627 |
| 035 ## - SYSTEM CONTROL NUMBER | |
| System control number | (OCoLC)525577 |
| 040 ## - CATALOGING SOURCE | |
| Original cataloging agency | DLC |
| Transcribing agency | OAU |
| Modifying agency | DLC |
| 042 ## - AUTHENTICATION CODE | |
| Authentication code | premarc |
| 050 00 - LIBRARY OF CONGRESS CALL NUMBER | |
| Classification number | PT2617.A4 |
| Item number | M6 |
| 100 1# - MAIN ENTRY--PERSONAL NAME | |
| Personal name | Haushofer, Albrecht, |
| Dates associated with a name | 1903-1945. |
| 245 10 - TITLE STATEMENT | |
| Title | Moabiter sonette. |
| 260 ## - PUBLICATION, DISTRIBUTION, ETC. | |
| Place of publication, distribution, etc. | Berlin, |
| Name of publisher, distributor, etc. | L. Blanvalet, |
| Date of publication, distribution, etc. | 1946. |
| 300 ## - PHYSICAL DESCRIPTION | |
| Extent | 89 p. |
| Dimensions | 21 cm. |
| 500 ## - GENERAL NOTE | |
| General note | Biographical sketch of the author signed: Rainer Hildebrandt. |
| 500 ## - GENERAL NOTE | |
| General note | "Die letzten gedichte Albrecht Haushofers, der sein leben opferte, weil er ein mensch war und die freiheit über sein leben stellte. Aus der hand des toten empfangen, legen sie zeugnis ab für den geist, der ihn bewegte."--1st prelim. leaf. |
| 700 1# - ADDED ENTRY--PERSONAL NAME | |
| Personal name | Hildebrandt, Rainer. |
No items available.